JOURNAL OF THE SCIENTIFIC SOCIETY (Record no. 7664)

MARC details
000 -LEADER
fixed length control field 00244nam a2200109 4500
003 - CONTROL NUMBER IDENTIFIER
control field SGT
022 ## - INTERNATIONAL STANDARD SERIAL NUMBER
International Standard Serial Number 0974-5009
245 ## - TITLE STATEMENT
Title JOURNAL OF THE SCIENTIFIC SOCIETY
260 ## - PUBLICATION, DISTRIBUTION, ETC. (IMPRINT)
Place of publication, distribution, etc NEW DELHI
Name of publisher, distributor, etc WOLTERS KLUWER
Year of Publication 2015
310 ## - CURRENT PUBLICATION FREQUENCY
Current publication frequency QUATRLY
942 ## - ADDED ENTRY ELEMENTS (KOHA)
Source of classification or shelving scheme Dewey Decimal Classification
Koha item type Loose Journals
Holdings
Withdrawn status Lost status Source of classification or shelving scheme Damaged status Not for loan Home library Current library Shelving location Date acquired Vendor Name Volume Information (Serial or Books or Non-Book Material) SGTU Total Checkouts Date last seen Bill Date Koha item type Bill Number
    Dewey Decimal Classification     SGT Medical Library SGT Medical Library Reference Book 02/07/2015 INNOVATIVE SUB. VOLUME- 42 ISSUE -2 ( MAY -AUG. 2015) SGTU   02/07/2015 02/07/2015 Loose Journals  
    Dewey Decimal Classification     SGT Medical Library SGT Medical Library Reference Book 24/06/2016 INNOVATIVE SUBSCRIPTION SERVICE VOLUME- 43 ISSUE -2 ( MAY -AUG. 2016) SGTU   24/06/2016 02/12/2015 Loose Journals ISS/16/SGT/01